000 00574nam a2200193Ia 4500
008 090123s9999 xx 000 0 und d
082 _b22954
_a891.463/बांदोड
100 _aमंगेशकर गीता
245 _aअजेय
250 _a1
260 _bप्रिया प्रकाशन
_c1993
300 _a357
600 _aमंगेशकर गीता
630 _aअजेय
700 _aबांदोडकर गौरी
700 _aमंगेशकर गीता
730 _aअजेय
942 _cBOOK
999 _c61026
_d61026